El último florecimiento de la Edad Media / (Registro nro. 59594)

Detalles MARC
000 -LEADER
campo de control de longitud fija 00578nam a2200169 i 4500
001 - NÚMERO DE CONTROL
campo de control 59594
003 - IDENTIFICADOR DE NÚMERO DE CONTROL
campo de control ES-MaACL
007 - CAMPO FIJO DE DESCRIPCIÓN FÍSICA--INFORMACIÓN GENERAL
campo de control de longitud fija t|
008 - DATOS DE LONGITUD FIJA--INFORMACIÓN GENERAL
campo de control de longitud fija 031029s1947 sp ||||1| spa d
100 0# - ENTRADA PRINCIPAL--NOMBRE DE PERSONA
Nombre de persona Elst, Joseph van der,
Títulos y otros términos asociados al nombre Barón
9 (RLIN) 47105
245 13 - MENCIÓN DEL TÍTULO
Título El último florecimiento de la Edad Media /
Mención de responsabilidad, etc. por José van der Elst ; [traducido por Mariano Antonio Barrenechea].
260 ## - PUBLICACIÓN, DISTRIBUCIÓN, ETC.
Lugar de publicación, distribución, etc. Buenos Aires :
Nombre del editor, distribuidor, etc. Peuser,
Fecha de publicación, distribución, etc. 1947.
300 ## - DESCRIPCIÓN FÍSICA
Extensión 222 p., 107 lám. ;
Dimensiones 31 cm.
700 1# - ENTRADA AGREGADA--NOMBRE PERSONAL
Nombre de persona Barrenechea, Mariano Antonio.
9 (RLIN) 25911
852 ## - LOCALIZACIÓN
Ubicación ES-MaACL
Número de control de estantería G-4889
Sublocalización o colección R.29124
Existencias
Estatus retirado Estado de pérdida Estado de daño No para préstamo Biblioteca de origen Biblioteca actual Ubicación en estantería Fecha de adquisición Fuente de adquisición Total de préstamos Signatura topográfica completa Código de barras Visto por última vez Precio de reemplazo Tipo de ítem Koha
        Biblioteca del Ateneo de Madrid Biblioteca del Ateneo de Madrid Depósito 2 17/01/2008     G-4889 1062507 23/02/2023 23/02/2023 Libro impreso